Statistics for Most Formula 1 Wins Per Nationality

Click here to take the quiz!

General Stats

  • This quiz has been taken 47 times
  • The average score is 16 of 22

Answer Stats

Country Wins Answer % Correct
Brazil41Ayrton Senna
98%
France51Alain Prost
95%
Germany91Michael Schumacher
95%
UK71Lewis Hamilton
93%
Austria25Niki Lauda
90%
Spain32Fernando Alonso
88%
Finland21Kimi Raikkonen
88%
Argentina24Juan Manuel Fangio
86%
Canada11Jacques Villenueve
86%
Colombia7Juan Pablo Montoya
81%
Poland1Robert Kubicka
76%
Netherlands5Max Verstappen
74%
USA12Mario Andretti
71%
Italy22Alberto Ascari
67%
South Africa10Jody Scheckter
67%
Australia14Jack Brabham
64%
Venezuela1Pastor Maldonado
62%
New Zealand8Denny Hulme
57%
Sweden10Ronnie Peterson
52%
Belgium8Jacky Ickx
52%
Mexico2Pedro Rodriguez
40%
Switzerland5Clay Regazzoni
31%

Score Distribution

Percentile by Number Answered

Percent of People with Each Score

Your Score History

You have not taken this quiz